National Assembly Library of Thailand

พระราชบัญญัติประกอบรัฐธรรมนูญ เล่ม 2 / (ระเบียนเลขที่ 61158)

รายละเอียดในรูปแบบ MARC
000 -LEADER
fixed length control field 01253nam a22002057a 4500
003 - CONTROL NUMBER IDENTIFIER
control field NALT
005 - DATE AND TIME OF LATEST TRANSACTION
control field 20251126103433.0
008 - FIXED-LENGTH DATA ELEMENTS--GENERAL INFORMATION
fixed length control field s2553 th tha d
040 ## - CATALOGING SOURCE
Original cataloging agency ์NALT
041 ## - LANGUAGE CODE
Language code of text/sound track or separate title tha
090 ## - LOCALLY ASSIGNED LC-TYPE CALL NUMBER (OCLC); LOCAL CALL NUMBER (RLIN)
Classification number (OCLC) (R) ; Classification number, CALL (RLIN) (NR) KD 105
Local cutter number (OCLC) ; Book number/undivided call number, CALL (RLIN) ส226พ 2553
110 2# - MAIN ENTRY--CORPORATE NAME
Corporate name or jurisdiction name as entry element สำนักงานเลขาธิการสภาผู้แทนราษฎร.
Subordinate unit สำนักประชาสัมพันธ์
9 (RLIN) 2399
245 10 - TITLE STATEMENT
Title พระราชบัญญัติประกอบรัฐธรรมนูญ เล่ม 2 /
Statement of responsibility, etc. สำนักประชาสัมพันธ์ สำนักงานเลขาธิการสภาผู้แทนราษฎร.
260 ## - PUBLICATION, DISTRIBUTION, ETC.
Place of publication, distribution, etc. กรุงเทพฯ :
Name of publisher, distributor, etc. องค์การสงเคราะห์ทหารผ่านศึก ในพระบรมราชูปถัมภ์,
Date of publication, distribution, etc. 2553.
300 ## - PHYSICAL DESCRIPTION
Extent 71 หน้า ;
Other physical details
Dimensions 21 ซม
650 04 - SUBJECT ADDED ENTRY--TOPICAL TERM
Topical term or geographic name entry element การออกเสียงประชามติ (พ.ร.บ.ประกอบรัฐธรรมนูญ) -- 2552
650 04 - SUBJECT ADDED ENTRY--TOPICAL TERM
Topical term or geographic name entry element ผู้ตรวจการแผ่นดิน (พ.ร.บ.ประกอบรัฐธรรมนูญ) -- 2552
850 ## - HOLDING INSTITUTION
Holding institution NALT
942 ## - ADDED ENTRY ELEMENTS (KOHA)
Koha item type Law Book
Source of classification or shelving scheme Local Classification
998 ## - STAFF NAME (NALT)
-- 104
-- นางสาวสายฝน ดีงาม
รายการที่มีในห้องสมุด
Withdrawn status Lost status Source of classification or shelving scheme Damaged status Not for loan Collection code Home library Current library Shelving location Source of acquisition Total Checkouts Full call number Barcode Date last seen Copy number Price effective from Koha item type
    Local Classification     Law Book collection National Assembly Library of Thailand National Assembly Library of Thailand Law Book shelves บริจาค   KD 105 ส226พ 2553 ล.2 3961189201 09/06/2017 ฉ.6 09/06/2017 Law Book
    Local Classification     Law Book collection National Assembly Library of Thailand National Assembly Library of Thailand Law Book shelves บริจาค   KD 105 ส226พ 2553 ล.2 3961189200 09/06/2017 ฉ.5 09/06/2017 Law Book
    Local Classification     Law Book collection National Assembly Library of Thailand National Assembly Library of Thailand Law Book shelves บริจาค   KD 105 ส226พ 2553 ล.2 3961189199 09/06/2017 ฉ.4 09/06/2017 Law Book
    Local Classification     Law Book collection National Assembly Library of Thailand National Assembly Library of Thailand Law Book shelves บริจาค   KD 105 ส226พ 2553 ล.2 3961189198 09/06/2017 ฉ.3 09/06/2017 Law Book
    Local Classification     Law Book collection National Assembly Library of Thailand National Assembly Library of Thailand Law Book shelves บริจาค   KD 105 ส226พ 2553 ล.2 3961182545 09/06/2017 ฉ.2 09/06/2017 Law Book
    Local Classification     Law Book collection National Assembly Library of Thailand National Assembly Library of Thailand Law Book shelves บริจาค   KD 105 ส226พ 2553 ล.2 3961182544 09/06/2017 ฉ.1 09/06/2017 Law Book
หอสมุดรัฐสภา
สำนักงานเลขาธิการสภาผู้แทนราษฎร เลขที่ 1111 ถนนสามเสน แขวงถนนนครไชยศรี เขตดุสิต กรุงเทพฯ 10300
The Secretariat of the House of Representatives 1111 Samsen Road, Thanon Nakhon Chai Si, Dusit, Bangkok 10300, THAILAND
โทรศัพท์: +66(0) 2242 5900 ต่อ 5714-5 โทรสาร: +66(0) 2242 5990 อีเมล: [email protected]